Market forecast (Record no. 83933)

MARC details
000 -LEADER
fixed length control field 00777cab a22001935a 4500
001 - CONTROL NUMBER
control field L155937
008 - FIXED-LENGTH DATA ELEMENTS--GENERAL INFORMATION
fixed length control field 230412e20120127xxkd f 000 0 eng d
035 ## - SYSTEM CONTROL NUMBER
System control number (Sirsi) u155937
041 0# - LANGUAGE CODE
Language code of text/sound track or separate title eng
100 1# - MAIN ENTRY--PERSONAL NAME
Personal name Fordham, Peter
245 00 - TITLE STATEMENT
Title Market forecast
Remainder of title spring hasn't sprung
260 ## - PUBLICATION, DISTRIBUTION, ETC.
Date of publication, distribution, etc. 2012
490 #0 - SERIES STATEMENT
Series statement Building
Volume/sequential designation 277(8724) 20 April 2012, 48-50(3)
520 ## - SUMMARY, ETC.
Summary, etc. Fears over the eurozone crisis may be subsiding, but construction is still in for a miserable year, with £5.4bn less work than 2011. Executive summary, trends and forecast, hot topic: the budget one month on, construction output and new orders, and building cost index. Davis Langdon Index Series.
590 ## - LOCAL NOTE (RLIN)
Local note KA
651 #4 - SUBJECT ADDED ENTRY--GEOGRAPHIC NAME
Geographic name United Kingdom
Chronological subdivision
690 ## - LOCAL SUBJECT ADDED ENTRY--TOPICAL TERM (OCLC, RLIN)
Topical term or geographic name as entry element Construction management
9 (RLIN) 6230
942 ## - ADDED ENTRY ELEMENTS (KOHA)
Suppress in OPAC 0
Holdings
Withdrawn status Lost status Source of classification or shelving scheme Damaged status Not for loan Home library Current library Shelving location Date acquired Total Checkouts Full call number Barcode Date last seen Copy number Price effective from Koha item type
    Dewey Decimal Classification     London London Journal article 23/04/2012   L155937 155937-1001 06/08/2019 1 06/08/2019 Journal article